| 000 | 00494nam a2200169Ia 4500 | ||
|---|---|---|---|
| 008 | 090201s9999 xx 000 0 und d | ||
| 010 | _aKPL-35864 | ||
| 040 | _bमराठी | ||
| 041 | _aमराठी | ||
| 082 |
_a23422 _b35864 |
||
| 100 | _aसुशिला खेडकर | ||
| 245 |
_aफुलोरा _cसुशिला खेडकर |
||
| 260 |
_c2004 _bवरदा बुक्स |
||
| 300 |
_a195 _bमोठा |
||
| 600 | _aफुलोरा | ||
| 942 | _cBOOK | ||
| 999 |
_c222899 _d222899 |
||